Модель энергетического и финансового потокораспределения; Известия Томского политехнического университета [Известия ТПУ]; Т. 308, № 5

التفاصيل البيبلوغرافية
Parent link:Известия Томского политехнического университета [Известия ТПУ]/ Томский политехнический университет (ТПУ).— , 2000-
Т. 308, № 5.— 2005.— [С. 140-145]
المؤلف الرئيسي: Волков М. В. Михаил Валерьевич
مؤلفون آخرون: Литвак В. В. Валерий Владимирович, Маркман Г. З. Григорий Зямович
الملخص:Заглавие с титульного листа
Электронная версия печатной публикации
Предлагается новая модель энергофинансовых потоков компании, на основе которой возможно получение балансов предприятия, сведений об отношениях с отдельными объектами, текущей и средней себестоимости производства и транспорта электроэнергии и тепла, исследование режимов работы предприятия.
اللغة:الروسية
منشور في: 2005
سلاسل:Технические науки
الموضوعات:
الوصول للمادة أونلاين:http://www.lib.tpu.ru/fulltext/v/Bulletin_TPU/2005/v308/i5/32.pdf
التنسيق: MixedMaterials الكتروني فصل الكتاب
KOHA link:https://koha.lib.tpu.ru/cgi-bin/koha/opac-detail.pl?biblionumber=170729

MARC

LEADER 00000nla2a2200000 4500
001 170729
005 20240109091119.0
035 |a (RuTPU)RU\TPU\book\185134 
035 |a RU\TPU\book\185126 
090 |a 170729 
100 |a 20091125d2005 k y0rusy50 ca 
101 0 |a rus 
102 |a RU 
135 |a drnn ---uucaa 
181 0 |a i  
182 0 |a b 
200 1 |a Модель энергетического и финансового потокораспределения  |f М. В. Волков, В. В. Литвак, Г. З. Маркман 
203 |a Текст  |c электронный 
215 |a 1 файл (244 Кб) 
225 1 |a Технические науки 
300 |a Заглавие с титульного листа 
300 |a Электронная версия печатной публикации 
320 |a [Библиогр.: с. 145 (3 назв.)] 
330 |a Предлагается новая модель энергофинансовых потоков компании, на основе которой возможно получение балансов предприятия, сведений об отношениях с отдельными объектами, текущей и средней себестоимости производства и транспорта электроэнергии и тепла, исследование режимов работы предприятия. 
337 |a Adobe Reader 
461 1 |0 (RuTPU)RU\TPU\book\176237  |t Известия Томского политехнического университета [Известия ТПУ]  |f Томский политехнический университет (ТПУ)  |d 2000- 
463 1 |0 (RuTPU)RU\TPU\book\185053  |t Т. 308, № 5  |v [С. 140-145]  |d 2005  |p 231 с. 
610 1 |a энергетическое потокораспределение 
610 1 |a финансовое потокораспределение 
610 1 |a энергофинансовые потоки 
610 1 |a компании 
610 1 |a балансы 
610 1 |a предприятия 
610 1 |a объекты 
610 1 |a отношения 
610 1 |a текущая себестоимость 
610 1 |a средняя себестоимость 
610 1 |a производство 
610 1 |a транспорт 
610 1 |a электроэнергия 
610 1 |a тепло 
610 1 |a труды учёных ТПУ 
610 1 |a электронный ресурс 
700 1 |a Волков  |b М. В.  |g Михаил Валерьевич 
701 1 |a Литвак  |b В. В.  |c специалист в области теплоэнергетики  |c профессор Томского политехнического университета, доктор технических наук  |f 1940-  |g Валерий Владимирович  |3 (RuTPU)RU\TPU\pers\25676  |9 11587 
701 1 |a Маркман  |b Г. З.  |g Григорий Зямович 
801 1 |a RU  |b 63413507  |c 20090623  |g PSBO 
801 2 |a RU  |b 63413507  |c 20211012  |g PSBO 
856 4 |u http://www.lib.tpu.ru/fulltext/v/Bulletin_TPU/2005/v308/i5/32.pdf 
942 |c CF